[Event "EU-ch U16 Girls rapid"]
[Site "Terme Catez"]
[Date "2023.09.29"]
[Round "9"]
[White "Kosak, Karolina"]
[Black "Balazs, Sztella Anna"]
[Result "0-1"]
[WhiteElo "1558"]
[BlackElo "1553"]
[PlyCount "88"]
[EventDate "2023.09.28"]
[EventType "swiss (rapid)"]
[EventRounds "9"]
[EventCountry "SLO"]
[SourceTitle "EXT 2024"]
[Source "ChessBase"]
[SourceDate "2023.10.10"]
[SourceVersion "1"]
[SourceVersionDate "2023.10.10"]
[SourceQuality "1"]

1. e4 c5 2. c3 Nf6 3. e5 Nd5 4. Nf3 e6 5. d4 cxd4 6. cxd4 Nc6 7. Bc4 Nb6 8. Bd3 d6 9. 0-0 Be7 10. Nc3 a6 11. Qe2 0-0 12. Re1 d5 13. Be3 f5 14. exf6 Bxf6 15. Rac1 Bd7 16. a3 Rc8 17. b4 Qe7 18. Bb1 Nc4 19. Qd3 g6 20. Ne2 Bg7 21. Bg5 Rxf3 22. Bxe7 Rxd3 23. Bxd3 Nxe7 24. Nf4 Bxd4 25. Nxe6 Bxe6 26. Rxe6 Kf7 27. Rce1 Nc6 28. h4 Nxa3 29. Kh2 Rc7 30. f4 Nxb4 31. Bf1 Bf2 32. R1e2 Bxh4 33. R6e3 Nc4 34. Rh3 Bd8 35. Rxh7+ Kg8 36. Rh6 Kg7 37. Rh3 b5 38. g4 Re7 39. Rf2 Bb6 40. Rff3 Nd2 41. f5 Nxf3+ 42. Rxf3 gxf5 43. gxf5 Kf6 44. Rf4 Bc7 0-1

[Event "EU Union-ch U14"]
[Site "Pec pod Snezkou"]
[Date "2022.08.27"]
[Round "6"]
[White "Barteckova, Denisa"]
[Black "Balazs, Sztella Anna"]
[Result "1-0"]
[WhiteElo "1455"]
[BlackElo "1663"]
[PlyCount "119"]
[EventDate "2022.08.22"]
[EventType "swiss"]
[EventRounds "9"]
[EventCountry "CZE"]
[SourceTitle "EXT 2023"]
[Source "ChessBase"]
[SourceDate "2022.10.05"]
[SourceVersion "1"]
[SourceVersionDate "2022.10.05"]
[SourceQuality "1"]

1. e4 e5 2. Nf3 Nc6 3. Bc4 Bc5 4. d3 Nf6 5. 0-0 0-0 6. Re1 h6 7. Nbd2 d6 8. c3 Be6 9. Bb3 Bb6 10. Nf1 Ne7 11. Ng3 Ng6 12. Be3 c6 13. Bxe6 fxe6 14. Qb3 Re8 15. d4 exd4 16. Bxd4 c5 17. Bxf6 Qxf6 18. a4 Rab8 19. Qb5 Rf8 20. a5 Bc7 21. Kh1 Nf4 22. Re3 h5 23. e5 Qg6 24. exd6 Bxd6 25. Rd1 Nd5 26. Re2 Bxg3 27. hxg3 h4 28. Ne5 Qh6 29. Kg1 hxg3 30. fxg3 Rf5 31. g4 Ne3 32. gxf5 Nxd1 33. Qd3 Nxb2 34. Qc2 Rd8 35. Qxb2 Rd1+ 36. Kf2 Qh4+ 37. g3 Qh2+ 38. Kf3 Qh5+ 39. g4 Qh3+ 40. Kf4 Rf1+ 41. Ke4 exf5+ 42. gxf5 Qxf5+ 43. Kd5 Rb1 44. Qc2 Qxc2 45. Rxc2 b6 46. axb6 axb6 47. Kc6 c4 48. Nxc4 b5 49. Na3 Rg1 50. Nxb5 g5 51. Nd4 g4 52. c4 Kf7 53. Rf2+ Kg6 54. Kd5 g3 55. Rd2 Kh5 56. c5 Kg4 57. c6 Kh3 58. Nf3 Rc1 59. Ng5+ Kg4 60. Ne4 1-0

[Event "EU Union-ch U14"]
[Site "Pec pod Snezkou"]
[Date "2022.08.23"]
[Round "2"]
[White "Balazs, Sztella Anna"]
[Black "Brozynski, Patryk"]
[Result "0-1"]
[WhiteElo "1663"]
[BlackElo "1911"]
[PlyCount "66"]
[EventDate "2022.08.22"]
[EventType "swiss"]
[EventRounds "9"]
[EventCountry "CZE"]
[SourceTitle "EXT 2023"]
[Source "ChessBase"]
[SourceDate "2022.10.05"]
[SourceVersion "1"]
[SourceVersionDate "2022.10.05"]
[SourceQuality "1"]

1. e4 c5 2. Nf3 e6 3. d4 cxd4 4. Nxd4 Nc6 5. Nc3 Qc7 6. Be3 a6 7. Bd3 b5 8. a3 Bb7 9. 0-0 Nf6 10. f4 Bc5 11. Nf5 Ne7 12. Nd4 Qb6 13. Nce2 Nxe4 14. b4 Bxd4 15. Bxd4 Qc6 16. Rf3 Nf5 17. Bxe4 Qxe4 18. Bc5 d6 19. Bf2 Rc8 20. c3 0-0 21. Ng3 Nxg3 22. Rxg3 Rxc3 23. Qd4 Rxg3 24. Qxe4 Bxe4 25. Bxg3 Rc8 26. Re1 d5 27. Bf2 Rc3 28. Re3 Rxe3 29. Bxe3 f6 30. Bd4 Kf7 31. Kf2 h5 32. h4 Kg6 33. g3 Kf5 0-1

[Event "HUN-ch U12 Girls"]
[Site "Balatonlelle"]
[Date "2019.06.23"]
[Round "2"]
[White "Balazs, Sztella Anna"]
[Black "Nandin, Erdene Davaadembere"]
[Result "0-1"]
[WhiteElo "1165"]
[BlackElo "1581"]
[PlyCount "56"]
[EventDate "2019.06.22"]
[EventType "swiss"]
[EventRounds "7"]
[EventCountry "HUN"]
[SourceTitle "CBM 191 Extra"]
[Source "ChessBase"]
[SourceDate "2019.09.30"]
[SourceVersion "1"]
[SourceVersionDate "2019.09.30"]
[SourceQuality "1"]

1. c4 c6 2. Nc3 d5 3. cxd5 cxd5 4. Nf3 Nf6 5. g3 Bf5 6. Bg2 e6 7. 0-0 Nc6 8. d4 Be7 9. Bg5 h6 10. Bf4 a6 11. Qb3 Na5 12. Qd1 0-0 13. Rc1 Rc8 14. Nh4 Be4 15. Nxe4 dxe4 16. Rxc8 Qxc8 17. Qd2 Nc4 18. Qc1 Nh7 19. Bxh6 gxh6 20. Qxh6 Bg5 21. Qh5 Nd6 22. f3 Qc4 23. Kh1 Qxd4 24. Qg4 Qg7 25. fxe4 Nf6 26. Qh3 Nfxe4 27. Qg4 f5 28. Qf3 Nd2 0-1